000 00459nam a22001697a 4500
005 20251108164331.0
008 250721s1981 xx 000 0 ara d
082 1 4 _a811.9/محم
100 1 _aالفايز، محمد
245 1 0 _aحداء الهودج /
264 1 _aالكويت :
_bشركة الربيعان،
_c1981.
300 _a67ص
650 1 7 _aالشعر العربي
650 1 7 _aالعصر الحديث
942 _2ddc
_cBK
999 _c9598
_d9598